| Tag |
First Indicator |
Second Indicator |
Subfields |
| LEADER |
00000cam a2200000 a 4500 |
| 001 |
in00002781054 |
| 006 |
m d |
| 007 |
cr cn||||||||| |
| 008 |
120724s2012 enka ob 000 0 eng d |
| 005 |
20250816213131.9 |
| 020 |
|
|
|z 9781780527420
|
| 020 |
|
|
|z 9781780527437 (e-book)
|
| 035 |
|
|
|a (CaPaEBR)ebr10579714
|
| 040 |
|
|
|a CaPaEBR
|c CaPaEBR
|d UtOrBLW
|
| 050 |
1 |
4 |
|a G155.A1
|b F54 2012eb
|
| 245 |
0 |
0 |
|a Field guide to case study research in tourism, hospitality and leisure /
|c edited by Kenneth F. Hyde, Chris Ryan, Arch G. Woodside.
|
| 250 |
|
|
|a 1st ed.
|
| 264 |
|
1 |
|a Bingley [England] :
|b Emerald Insight,
|c 2012.
|
| 300 |
|
|
|a 1 online resource (xiv, 568 pages) :
|b illustrations (some color).
|
| 336 |
|
|
|a text
|b txt
|2 rdacontent
|
| 337 |
|
|
|a computer
|b c
|2 rdamedia
|
| 338 |
|
|
|a online resource
|b cr
|2 rdacarrier
|
| 490 |
1 |
|
|a Advances in culture, tourism and hospitality research,
|x 1871-3173 ;
|v v. 6
|
| 504 |
|
|
|a Includes bibliographical references.
|
| 505 |
0 |
|
|a pt. 1. Analysis of texts -- pt. 2. Executive interviews -- pt. 3. Field research -- pt. 4. Stakeholders participatory research -- pt. 5. Researching indigenous and marginal peoples -- pt. 6. Cross-case analysis.
|
| 500 |
|
|
|a Electronic resource.
|
| 650 |
|
0 |
|a Tourism
|x Research
|v Case studies.
|
| 650 |
|
0 |
|a Hospitality
|x Research
|v Case studies.
|
| 655 |
|
7 |
|a Electronic books.
|2 local
|
| 700 |
1 |
|
|a Hyde, Kenneth F.
|
| 700 |
1 |
|
|a Ryan, Chris.
|
| 700 |
1 |
|
|a Woodside, Arch G.
|
| 710 |
2 |
|
|a ebrary, Inc.
|
| 830 |
|
0 |
|a Advances in culture, tourism and hospitality research ;
|v v. 6.
|
| 856 |
4 |
0 |
|u https://ebookcentral.proquest.com/lib/tamucs/detail.action?docID=956324
|y Connect to the full text of this electronic book
|t 0
|
| 980 |
|
|
|a 120828
|b 134.94
|c USD
|e 202.41
|f YBP_EBR0000041184
|g 1
|
| 999 |
f |
f |
|s 56ad81e3-c02c-35ab-a555-6016b8296158
|i 21301b6c-50a8-384f-ba5f-1c7273dfb5c0
|t 0
|
| 999 |
|
|
|a MARS
|
| 952 |
f |
f |
|a Texas A&M University
|b College Station
|c Electronic Resources
|d Available Online
|t 0
|e G155.A1 F54 2012eb
|h Library of Congress classification
|
| 998 |
f |
f |
|a G155.A1 F54 2012eb
|t 0
|l Available Online
|